Emerging Technologies For Managers (Record no. 13392)

MARC details
000 -LEADER
fixed length control field 00407nam a22001697a 4500
003 - CONTROL NUMBER IDENTIFIER
control field OSt
008 - FIXED-LENGTH DATA ELEMENTS--GENERAL INFORMATION
fixed length control field 250423b |||||||| |||| 00| 0 eng d
020 ## - INTERNATIONAL STANDARD BOOK NUMBER
International Standard Book Number 9789363863354
082 ## - DEWEY DECIMAL CLASSIFICATION NUMBER
Classification number 006.3 THE
100 ## - MAIN ENTRY--PERSONAL NAME
Personal name THAREJA, Reema
245 ## - TITLE STATEMENT
Title Emerging Technologies For Managers
250 ## - EDITION STATEMENT
Edition statement 1st Ed
260 ## - PUBLICATION, DISTRIBUTION, ETC. (IMPRINT)
Place of publication, distribution, etc New Delhi
Name of publisher, distributor, etc Wiley
Date of publication, distribution, etc 2025
300 ## - PHYSICAL DESCRIPTION
Extent 607
650 ## - SUBJECT ADDED ENTRY--TOPICAL TERM
Topical term or geographic name as entry element Emerging Technologies
942 ## - ADDED ENTRY ELEMENTS (KOHA)
Source of classification or shelving scheme Dewey Decimal Classification
Koha item type Text Books
Holdings
Withdrawn status Lost status Source of classification or shelving scheme Damaged status Not for loan Collection code Home library Current library Date acquired Source of acquisition Currency Cost, normal purchase price Bill Number Total Checkouts Full call number Acc. no. / Barcode Date last seen Actual Cost, discounted price Bill Date Koha item type
    Dewey Decimal Classification     MBA PIET C-LIBRARY PIET C-LIBRARY 16/04/2025 Zaffa Books INR 699.00 ZBD0051   006.3 THE 39471 23/04/2025 506.77 16/04/2025 Reference Books
    Dewey Decimal Classification     MBA PIET C-LIBRARY PIET C-LIBRARY 16/04/2025 Zaffa Books INR 699.00 ZBD0051   006.3 THE 39472 23/04/2025 506.77 16/04/2025 Text Books
    Dewey Decimal Classification     MBA PIET C-LIBRARY PIET C-LIBRARY 16/04/2025 Zaffa Books INR 699.00 ZBD0051   006.3 THE 39473 23/04/2025 506.77 16/04/2025 Text Books
    Dewey Decimal Classification     MBA PIET C-LIBRARY PIET C-LIBRARY 16/04/2025 Zaffa Books INR 699.00 ZBD0051   006.3 THE 39474 23/04/2025 506.77 16/04/2025 Text Books
    Dewey Decimal Classification     MBA PIET C-LIBRARY PIET C-LIBRARY 16/04/2025 Zaffa Books INR 699.00 ZBD0051   006.3 THE 39475 23/04/2025 506.77 16/04/2025 Text Books

Design & Developed by: PIET Central Library
R70 Miles Stone Pattikalyana Samalkha Panipat 132102
mail ID :- [email protected], Phone No:- 0180-2569700 Ex.216